000 00278nam a22001337a 4500
008 170426b xxu||||| |||| 00| 0 eng d
020 _a9780471215172
041 _aeng
080 _24TH
_a54
100 _a12
101 _aSHM
245 _aCHEMISTRY
_cBRADY
942 _2udc
_cBK
999 _c12075
_d12075